The Navier-Stokes equations II : theory and numerical methods : proceedings of a conference held in Oberwolfach, Germany, August 18-24, 1991
Αποθηκεύτηκε σε:
| Άλλοι συγγραφείς: | |
|---|---|
| Μορφή: | Βιβλίο |
| Γλώσσα: | English |
| Δημοσίευση: |
Berlin ; New York :
Springer-Verlag,
c1992.
|
| Σειρά: | Lecture notes in mathematics (Springer-Verlag)
; 1530 |
| Θέματα: | |
| Ετικέτες: |
Προσθήκη ετικέτας
Δεν υπάρχουν, Καταχωρήστε ετικέτα πρώτοι!
|
MARC
| LEADER | 00000cam a2200000 i 4500 | ||
|---|---|---|---|
| 001 | 1/31588 | ||
| 008 | 960726s1992####gw | ||| |||| ||eng|| | ||
| 020 | |a 0387562613 | ||
| 020 | |a 3540562613 | ||
| 035 | |l 10038868 | ||
| 035 | |a 1995 | ||
| 040 | |a GR-MyUA |b gre |e AACR2 | ||
| 041 | 0 | |a eng | |
| 082 | 0 | |a 515.353 |2 (20) | |
| 245 | 1 | 4 | |a The Navier-Stokes equations II : |b theory and numerical methods : proceedings of a conference held in Oberwolfach, Germany, August 18-24, 1991 / |c J.G. Heywood ... [κ.α.] (ed.). |
| 246 | 3 | 3 | |a Navier-Stokes equations 2 |
| 260 | |a Berlin ; |a New York : |b Springer-Verlag, |c c1992. | ||
| 300 | |a ix, 322 σ. : |b εικ. ; |c 25 εκ. | ||
| 490 | 1 | |a (Lecture notes in mathematics (Springer-Verlag) |v ; 1530) | |
| 504 | |a Περιέχει βιβλιογραφικές αναφορές και ευρετήριο. | ||
| 650 | 0 | 0 | |a Navier-Stokes equations |x Congresses. |
| 650 | 0 | 0 | |a Navier-Stokes equations |x Numerical solutions |x Congresses. |
| 700 | 1 | |a Heywood, J. G. |q (John Groves), |d 1940- |e edt | |
| 830 | 0 | |a Lecture notes in mathematics (Springer-Verlag) |v ; 1530 | |
| 852 | |a INST |b SAMOS |e 19960726 |h 515.353 NAV |p 005300005376 |q 005300005376 |t BK |y 0 | ||
| 909 | |a Σ |b 039396 | ||